000
00325nam a22001337a 4500
008
260123b ||||| |||| 00| 0 eng d
020
_a
9789928479501
041
_a
eng
080
_a
0002
100
_a
25
101
_a
GAZ
245
_a
Gjuha e Urrejtjes ndaj Grave ne Internet
_c
Richardson Self , Louise
942
_2
lcc
_c
BK
999
_c
60758
_d
60758